States, markets and just growth development in the twenty-first century /

Bibliographic Details
Corporate Author: ProQuest (Firm)
Other Authors: Kohli, Atul., Moon, Chung-in., Srensen, George.
Format: Electronic eBook
Language:English
Published: New York, NY : United Nations University Press, 2003.
Subjects:
Online Access:Click to View
LEADER 01344nam a2200349Ia 4500
001 EBC244180
003 MiAaPQ
005 20200520144314.0
006 m o d |
007 cr cn|||||||||
008 021115s2003 nyu sb 001 0 eng d
020 |z 9280810766 (pbk.) 
035 |a (MiAaPQ)EBC244180 
035 |a (Au-PeEL)EBL244180 
035 |a (CaPaEBR)ebr10021847 
035 |a (OCoLC)935228627 
040 |a MiAaPQ  |c MiAaPQ  |d MiAaPQ 
050 4 |a HC59.7  |b .S7585 2003 
082 0 4 |a 330.9172/4  |2 21 
245 0 0 |a States, markets and just growth  |h [electronic resource] :  |b development in the twenty-first century /  |c edited by Atul Kohli, Chung-in Moon, and George Srensen. 
260 |a New York, NY :  |b United Nations University Press,  |c 2003. 
300 |a ix, 295 p. 
504 |a Includes bibliographical references and index. 
533 |a Electronic reproduction. Ann Arbor, MI : ProQuest, 2015. Available via World Wide Web. Access may be limited to ProQuest affiliated libraries. 
650 0 |a Economic development. 
651 0 |a Developing countries  |x Economic conditions. 
655 4 |a Electronic books. 
700 1 |a Kohli, Atul. 
700 1 |a Moon, Chung-in. 
700 1 |a Srensen, George. 
710 2 |a ProQuest (Firm) 
856 4 0 |u https://ebookcentral.proquest.com/lib/matrademy/detail.action?docID=244180  |z Click to View